Vida de nuestro señor Jesucristo: exposición histórica, crítica y apologética

Gorde:
Xehetasun bibliografikoak
Egile nagusia: Fillion, Louis Claude (Egilea)
Formatua: Liburua
Hizkuntza:gaztelania
Argitaratua: Madrid Fax 1948
Edizioa:4a. ed
Gaiak:
Etiketak: Etiketa erantsi
Etiketarik gabe, Izan zaitez lehena erregistro honi etiketa jartzen!

MARC

LEADER 00000nam a2200000 a 4500
001 UCL1183
003 CL-VaPUC
008 030905e19480000SP |||||||||||||||||spa|d
082 0 4 |a 232  |b FIL  |2 21 
100 0 |a Fillion, Louis Claude  |e author  |9 478096 
245 1 0 |a Vida de nuestro señor Jesucristo: exposición histórica, crítica y apologética 
250 |a 4a. ed 
300 |a v 
942 |c BK 
945 |d 20030905 00:00:00  |a rbrito 
260 |a Madrid  |b Fax  |c 1948 
600 0 |a Jesús  |9 313614 
650 0 |a Cristología   |9 315091 
650 0 |a Apologética  |9 269349 
650 0 |a Vida de Jesús  |9 478097 
650 0 |a Biografías  |9 255210 
583 |a last modification  |c 20030905 00:00:00  |k Rodrigo Vera 
999 |c 304841  |d 304839 
952 |0 0  |1 0  |4 0  |6 232_000000000000000_FIL_1948  |7 0  |8 P  |9 367608  |a BIBTEO  |b BIBTES  |c TEO_FTES  |d 2019-11-21  |h v.3  |i 2071770  |o 232 FIL 1948  |p 2071770  |r 2024-01-18  |w 2019-11-21  |y BK  |k ICR 
952 |0 0  |1 0  |4 0  |6 232_000000000000000_FIL_1948  |7 0  |8 P  |9 367609  |a BIBTEO  |b BIBTES  |c TEO_FTES  |d 2019-11-21  |i 2088576  |o 232 FIL 1948  |p 2088576  |r 2024-01-18  |w 2019-11-21  |y BK  |k ICR 
952 |0 0  |1 0  |4 0  |6 232_000000000000000_FIL_1948  |7 0  |8 P  |9 367610  |a BIBTEO  |b BIBTES  |c TEO_FTES  |d 2019-11-21  |h v.1  |i 2106477  |o 232 FIL 1948  |p 2106477  |r 2024-01-18  |w 2019-11-21  |y BK  |k ICR